000 00924nam a2200253 i 4500
001 7623
003 ES-MaACL
005 20230906145259.0
007 t|
008 910307s1990 sp ||||1| spa d
020 _a84-451-0234-6
080 _a749.1(46)
080 _a061.43(464.1)"1990":749.1(46)
245 0 0 _aMueble español
_b: estrado y dormitorio : [exposicion] septiembre-noviembre 1990, Museo Español de Arte Contemporaneo.
260 _aMadrid :
_bComunidad,
_c1990.
300 _a350 p. :
_bprincipalmente il. ;
_c26 cm.
650 4 _aMuebles-
_zEspaña-
_vExposiciones.
_9162650
655 7 _2tgfbne
_9193628
_aCatálogos de exposiciones
710 1 _aMadrid (Comunidad Autónoma).
_bDirección General de Patrimonio Cultural.
_95616
710 2 _aMuseo Español de Arte Contemporáneo.
_95876
852 _aES-MaACL
_jL-14897
_bR.118474
_z. - rust.
942 _2udc
999 _c7623
_d7623